000
00292nam a2200109 a 4500
005
20201002044927.0
008
140403s1971 000 spa d
100
_a
Hernández Puyrredon, Jose
_9
71524
245
0
_a
Martin Fierro.
260
_a
Madrid -- Libra,
_c
1971 -- 196 p.
999
_c
43191
_d
43191
040
_a
DO-SdBNP